00593nam a2200181Ia 450000500170000000800410001702000150005808200150007310000260008824500970011426000440021130000170025565000100027265000110028294200060029395200970029999900150039620240429015406.0240331s9999 xx 000 0 und d a8121201934 bPRAa331.4 aPrasad, Sahay sushama 0aTribal woman labourers :baspects of economicand physical exploitationcSushama sahay prasad aDelhi :bGian Publishing House /c1988. axi, 215 p.,  aWomen aSocial cL 001040708LaWERCLbWERCLcSSCd2024-03-31l0o 331.4 PRAp1448r2024-03-31w2024-03-31yL c2617d2617